000 00574 a2200169 4500
003 NUST
005 20251021103503.0
040 _cNust
082 _a621.382,KHA
100 _aKhattak, K. Imran SGT (TE--37/TCC-12)
_9131301
245 _aInterface command post exchange (CPX 200) over WD 1 /TT wires at a distance of at least 200 meters /
_cSGT Imran K . Khattak, PC Zarrar Ahmed, GC Haroon Aamir , GC Khashif M. Arif
260 _aRawalpindi
_cMCS
_b2004
300 _a147 p.,
650 _aTE Project
_9131134
651 _aTE--37/TCC-12
_9131302
942 _2ddc
_cPR
999 _c183104
_d183104